01086 a2200193 45000010006000000050017000060080041000230030015000640400040000790800083001192450046002020200018002482500012002662640047002783000025003255050509003500410008008591000025008674279020260407155714.0260407a1984 arg spa dAR-UNSa-BCEJYS aAR-UNSa-BCEJYSbspacAR-UNSa-BCEJYS a330.342.21xEconomía sin desarrollo. Economía preindustrial. Subdesarrollo10aLa teoría del subdesarrollo de la Cepal a968-23-0528-4 a4a. ed. 1aMéxico :bSiglo Veintiuno editoresc1984 axiii, 361 p.c20 cm. a1. La concepción del sistema centro-periferia - 2. La teoría del deterioro de los términos del intercambio - 3. La interpretación de la industrialización periférica - 4. El deterioro de los términos del intercambio y la industrialización sustitutiva - 5. El ámbito de la política económica - 6. El enfoque estructuralista de la inflación - 7. Análisis de los obstáculos estructurales al desarrollo - 8. Las críticas desde la perspectiva ortodoxa - 9. Síntesis y crítica aspa1 aRodríguez, Octavio